Maravillas del mundo - muerte súbita - Estadísticas

Estadísticas generales
  • Esta prueba ha sido intentada 1.136 veces
  • La puntuación promedio es 6 de 14
Answers on the Grid
Answers color-coded by a green-red scale on the quiz's grid according to % correct below.
Templo de Artemisa
Big Ben
Torre Eiffel
Machu Picchu
Jardines colgantes de Babilonia
Gran Pirámide de Giza
Gran Muralla China
Puente de Rialto
Estatua de Zeus en Olimpia
Cristo Redentor
Coloso de Rodas
Chichén Itzá
Ópera de Sidney
Museo Guggenheim de Nueva York
Faro de Alejandría
Biblioteca de Alejandría
Petra
Taj Mahal
Torre de Tokio
Partenón
Mezquita de Santa Sofía
Coliseo romano
Estatua de la libertad
Mausoleo de Halicarnaso
 
Estadísticas de respuestas
Respuesta % Correcto
Taj Mahal
64%
Gran Muralla China
58%
Gran Pirámide de Giza
58%
Machu Picchu
58%
Coliseo romano
57%
Petra
50%
Chichén Itzá
47%
Cristo Redentor
43%
Jardines colgantes de Babilonia
43%
Coloso de Rodas
39%
Faro de Alejandría
36%
Estatua de Zeus en Olimpia
28%
Templo de Artemisa
28%
Mausoleo de Halicarnaso
23%
No se encontraron pruebas coincidentes
Distribución de puntuación
Porcentaje de gente con cada puntuación
Porcentaje por número respondido
Historial de tus puntuaciones
No has intentado esta prueba.